| 000 | 00403nam a2200133Ia 4500 | ||
|---|---|---|---|
| 008 | 230907s9999||||xx |||||||||||||| ||und|| | ||
| 082 |
_a551.6 _bNEE |
||
| 100 |
_aNeelin, J. David. _9115495 |
||
| 245 | 0 | _aClimate change and climate modeling / | |
| 260 |
_aCambridge University Press, _bCambridge ; | New York : _c2015 |
||
| 300 | _axv, 282 p. : | ||
| 650 |
_aTextbooks. Textbooks. _9115440 |
||
| 942 | _cBK | ||
| 999 |
_c598570 _d598570 |
||